| 000 | 00624nam a2200169 4500 | ||
|---|---|---|---|
| 999 |
_c5910 _d5910 |
||
| 008 | 161129b xxu||||| |||| 00| 0 eng d | ||
| 022 | _a16551516 | ||
| 082 | _aDPer 330.5 P53 June-Dec 2014 V. 51 n. 1 & 2 | ||
| 100 |
_917904 _aMonsod, Toby C. |
||
| 245 |
_aTime to let go of CARP? Not so fast/ _cToby C. Monsod and Sharon A. Piza. |
||
| 260 |
_aPhilippines: _bUP School of Economics/ The Phil. Economic Society, _c©2014. |
||
| 300 |
_aV51 n1, pages 19-27; _c24 cm. |
||
| 500 | _aPhilippine review of economics. | ||
| 650 | 0 |
_917905 _aLand reform |
|
| 700 |
_917906 _aPiza, Sharon A. _eAuthor |
||
| 942 |
_2ddc _cPER |
||